| 000 | 00631nam a2200229 a 4500 | ||
|---|---|---|---|
| 999 |
_c4572 _d4572 |
||
| 001 | 4572 | ||
| 003 | BD-JhCC | ||
| 005 | 20171128183414.0 | ||
| 008 | 171128s19541966e a|||| || | 001 0 eng d | ||
| 035 | _a(BD-JhCC)4572 | ||
| 040 |
_aBD-JhCC _dBD-JhCC |
||
| 041 | _aeng | ||
| 082 |
_a915 _bROB 1966 |
||
| 100 | _aRobequain, Charles | ||
| 245 |
_aMalaya, Indonesia, Borneo, and the Philippines / _c Charles Robequain, (Translation) |
||
| 260 |
_aLondon : _bLongman, _c1966. |
||
| 300 |
_a466 p. : _bill, ; _c22 cm. |
||
| 504 | _aIncludes Bibliography & Index | ||
| 650 | _aRegional Geography | ||
| 942 |
_2ddc _cBK |
||